000 00688cab a2200229 4500
001 WB3410-60
008 090401t1998 xxu||||| |||| 00| 0 eng d
035 _a(Sirsi) u84789
041 _aeng
245 _aDocklands regeneration
260 _c1998
350 _a0
490 _aObserver
_v8 March 1998, 6(2)
520 _aAt the end of March the London Docklands Development Corporation (LDDC) is winding up, ending one of Britain`s biggest urban regeneration schemes. Looks at what has been achieved.
650 _aLDDC
650 _aLONDON DOCKLANDS
650 _aQUANGOS
650 _aURBAN REGENERATION
690 _aURBAN RENEWAL
942 _n0
948 _c11/03/1998
999 _c53318
_d53318